[Event "Ontario Closed"]
[Site "Scarborough CAN"]
[Date "1989.06.07"]
[Round "4"]
[White "Pacey, Kevin"]
[Black "Day, Lawrence"]
[Result "1-0"]
[WhiteElo "2305"]
[BlackElo "2447"]
[PlyCount "93"]
[GameId "2160767912519332"]
[EventDate "1989.06.03"]
[EventType "tourn"]
[EventRounds "9"]
[EventCountry "CAN"]

1. Nf3 d6 2. e4 Bg4 3. d4 Nf6 4. Nc3 e6 5. Be2 c6 6. O-O Nbd7 7. Be3 a6 8. Nd2 Bxe2 9. Qxe2 Be7 10. f4 Qc7 11. a4 g6 12. Kh1 h5 13. d5 Ng4 14. dxe6 fxe6 15. Bg1 e5 16. f5 O-O-O 17. fxg6 Rdg8 18. Rf7 Ndf6 19. Qc4 Rxg6 20. Qe6+ Kd8 21. Nc4 Qd7 22. Bb6+ Ke8 23. Rxe7+ Qxe7 24. Nxd6+ Kf8 25. Qc8+ Ne8 26. Nf5 Qb4 27. Nd5 Qxe4 28. Bc5+ Rd6 29. Bxd6+ Kf7 30. Qd7+ Kg6 31. Nde7+ Kh7 32. Nxc6+ Kg6 33. Qe6+ Nef6 34. Nxe5+ Nxe5 35. Ne7+ Kg5 36. Qxe5+ Qxe5 37. Bxe5 Re8 38. Bxf6+ Kxf6 39. Rf1+ Kg5 40. Nd5 b5 41. axb5 axb5 42. Kg1 Rc8 43. Rf5+ Kh4 44. g3+ Kh3 45. Nf6 h4 46. g4 Rc3 47. bxc3 1-0

[Event "Ontario Closed"]
[Site "Scarborough CAN"]
[Date "1989.06.07"]
[Round "4.2"]
[White "Coakley, Jeff"]
[Black "Vranesic, Zvonko"]
[Result "1/2-1/2"]
[WhiteElo "2258"]
[BlackElo "2345"]
[PlyCount "29"]
[GameId "2160767912519333"]
[EventDate "1989.06.03"]
[EventType "tourn"]
[EventRounds "9"]
[EventCountry "CAN"]

1. e4 c6 2. d4 d5 3. Nc3 dxe4 4. Nxe4 Nf6 5. Nxf6+ gxf6 6. Bc4 Bf5 7. Bf4 Nd7 8. Nf3 Nb6 9. Bd3 Bg6 10. c4 e6 11. O-O Qd7 12. Be2 Be7 13. Qd2 Be4 14. Rac1 Rg8 15. Rfd1 1/2-1/2

[Event "Ontario Closed"]
[Site "Scarborough CAN"]
[Date "1989.06.07"]
[Round "4.4"]
[White "Puri, Vinny"]
[Black "Southam, Todd"]
[Result "0-1"]
[WhiteElo "2336"]
[BlackElo "2302"]
[PlyCount "74"]
[GameId "2160767912519334"]
[EventDate "1989.06.03"]
[EventType "tourn"]
[EventRounds "9"]
[EventCountry "CAN"]

1. d4 d5 2. c4 e6 3. Nf3 Nf6 4. Bg5 Be7 5. Nc3 h6 6. Bh4 O-O 7. e3 b6 8. Rc1 Bb7 9. cxd5 Nxd5 10. Bxe7 Qxe7 11. Nxd5 Bxd5 12. b3 Rc8 13. Bd3 c5 14. O-O Nd7 15. e4 Bb7 16. Qe2 cxd4 17. Nxd4 Nc5 18. Bb1 Ba6 19. Nb5 Qd7 20. a4 Nxb3 21. Rcd1 Bxb5 22. axb5 Nd4 23. Qg4 Rc5 24. e5 Rd8 25. Qe4 g6 26. Rfe1 Rd5 27. Rc1 Nb3 28. Rc6 Nd2 29. Qc2 Nxb1 30. Qxb1 Rd1 31. Rc1 Rxc1 32. Rxc1 Qd3 33. Qxd3 Rxd3 34. f4 g5 35. fxg5 hxg5 36. Ra1 Rd5 37. Rxa7 Rxe5 0-1

[Event "Ontario Closed"]
[Site "Scarborough CAN"]
[Date "1989.06.07"]
[Round "4.5"]
[White "Kiviaho, Robert"]
[Black "Moffat, Andrei"]
[Result "1-0"]
[WhiteElo "2235"]
[BlackElo "2246"]
[PlyCount "87"]
[GameId "2160767912519335"]
[EventDate "1989.06.03"]
[EventType "tourn"]
[EventRounds "9"]
[EventCountry "CAN"]

1. d4 Nf6 2. c4 e6 3. Nf3 Bb4+ 4. Bd2 a5 5. e3 O-O 6. Bd3 d6 7. Qc2 Re8 8. a3 Bxd2+ 9. Nbxd2 e5 10. O-O Bg4 11. Bf5 Bxf5 12. Qxf5 Nc6 13. dxe5 dxe5 14. Rad1 Qc8 15. Qxc8 Raxc8 16. Nb1 Rcd8 17. Nc3 e4 18. Nd2 Kf8 19. Nb5 Re7 20. Nb3 Red7 21. Rxd7 Rxd7 22. Nc5 Rd2 23. b3 b6 24. Na6 Rb2 25. Naxc7 Rxb3 26. Na8 Nd7 27. Rc1 Nce5 28. h3 Rb2 29. Nd6 Nc5 30. Rd1 g6 31. Rd5 Rb1+ 32. Kh2 Ned3 33. Kg3 Rb3 34. Nc8 f5 35. Naxb6 Rxa3 36. Rd8+ Kg7 37. Nd5 Ra2 38. Re8 Rc2 39. Nd6 Rxf2 40. Re7+ Kh6 41. Nf7+ Kg7 42. Ng5+ Kg8 43. Nf6+ Kf8 44. Rf7# 1-0

[Event "Ontario Closed"]
[Site "Scarborough CAN"]
[Date "1989.06.08"]
[Round "5"]
[White "Vranesic, Zvonko"]
[Black "Pacey, Kevin"]
[Result "0-1"]
[WhiteElo "2345"]
[BlackElo "2305"]
[PlyCount "74"]
[GameId "2160767912519336"]
[EventDate "1989.06.03"]
[EventType "tourn"]
[EventRounds "9"]
[EventCountry "CAN"]

1. d4 Nf6 2. c4 e6 3. Nc3 Bb4 4. Bg5 h6 5. Bxf6 Bxc3+ 6. bxc3 Qxf6 7. g3 Nc6 8. Bg2 e5 9. Nf3 d6 10. O-O O-O 11. Rb1 Rb8 12. Nd2 Na5 13. e3 Qg6 14. Qa4 b6 15. Nb3 Bf5 16. Rbc1 Bd3 17. Rfd1 Nxc4 18. Qc6 b5 19. Qxc7 e4 20. Qc6 Qf5 21. Rxd3 exd3 22. Be4 Qc8 23. Qxc8 Rfxc8 24. Bxd3 Nb2 25. Be2 Na4 26. c4 bxc4 27. Bxc4 d5 28. Bd3 Rc3 29. Rxc3 Nxc3 30. Nc1 Rb2 31. a3 Na2 32. Ne2 Rb3 33. Ba6 Rxa3 34. Bb7 Nb4 35. Nf4 Ra5 36. f3 Rb5 37. Ba8 g5 0-1

[Event "Ontario Closed"]
[Site "Scarborough CAN"]
[Date "1989.06.08"]
[Round "5.2"]
[White "Southam, Todd"]
[Black "Kiviaho, Robert"]
[Result "1-0"]
[WhiteElo "2302"]
[BlackElo "2235"]
[PlyCount "105"]
[GameId "2160767912519337"]
[EventDate "1989.06.03"]
[EventType "tourn"]
[EventRounds "9"]
[EventCountry "CAN"]

1. d4 Nf6 2. c4 g6 3. Nf3 Bg7 4. Nc3 d5 5. cxd5 Nxd5 6. e4 Nxc3 7. bxc3 c5 8. Rb1 O-O 9. Be2 cxd4 10. cxd4 Qa5+ 11. Qd2 Qxd2+ 12. Bxd2 b6 13. Rc1 Bb7 14. Bd3 Rd8 15. Rc7 Rd7 16. Rxd7 Nxd7 17. Ke2 Nf6 18. d5 Rc8 19. Rc1 Rxc1 20. Bxc1 Kf8 21. Ba3 a6 22. h3 Ke8 23. g4 h5 24. g5 Nd7 25. Ke3 Bc3 26. Nd4 b5 27. Nb3 Bc8 28. h4 Ne5 29. Be2 Ng4+ 30. Bxg4 Bxg4 31. Bc1 Bc8 32. Bd2 Be5 33. f4 Bb8 34. Bb4 e5 35. d6 exf4+ 36. Kxf4 Kd7 37. Ke5 Ke8 38. Kf6 Ba7 39. Bc5 Bb8 40. Nd4 Bd7 41. e5 a5 42. e6 fxe6 43. Nxe6 b4 44. Nf4 a4 45. Bxb4 Ba7 46. Kxg6 Bb5 47. Nxh5 Bd3+ 48. Kg7 Kd7 49. Nf6+ Ke6 50. d7 Bb6 51. h5 Bd8 52. h6 a3 53. h7 1-0

[Event "Ontario Closed"]
[Site "Scarborough CAN"]
[Date "1989.06.08"]
[Round "5.3"]
[White "Day, Lawrence"]
[Black "Puri, Vinny"]
[Result "1-0"]
[WhiteElo "2446"]
[BlackElo "2336"]
[PlyCount "81"]
[GameId "2160767912519338"]
[EventDate "1989.06.03"]
[EventType "tourn"]
[EventRounds "9"]
[EventCountry "CAN"]

1. g3 Nf6 2. Bg2 g6 3. e4 d6 4. d4 Bg7 5. Nc3 O-O 6. Nge2 e5 7. h3 Nbd7 8. O-O c6 9. a4 a5 10. b3 Re8 11. Be3 exd4 12. Bxd4 Nc5 13. e5 Nd5 14. Nxd5 cxd5 15. exd6 Qxd6 16. Bxg7 Kxg7 17. Nc3 Rd8 18. Qd4+ f6 19. Rad1 Bf5 20. Rd2 Ne6 21. Qe3 d4 22. Qe1 Rac8 23. Nb5 Qb6 24. Qd1 g5 25. Re1 Rd7 26. Kh2 Rcd8 27. Qf3 Bg6 28. h4 h6 29. Bh3 f5 30. Qe2 Kf7 31. h5 Bh7 32. Qd3 Qc5 33. Bf1 Nc7 34. Qf3 Nxb5 35. Bxb5 Re7 36. Rde2 Rxe2 37. Qxe2 Qd6 38. Qf3 Qc7 39. Bd3 g4 40. Qe2 Qd7 41. Qe5 1-0

[Event "Ontario Closed"]
[Site "Scarborough CAN"]
[Date "1989.06.08"]
[Round "5.5"]
[White "Dean, Andrew"]
[Black "Coakley, Jeff"]
[Result "0-1"]
[WhiteElo "1890"]
[BlackElo "2258"]
[PlyCount "136"]
[GameId "2160767912519339"]
[EventDate "1989.06.03"]
[EventType "tourn"]
[EventRounds "9"]
[EventCountry "CAN"]

1. d4 d5 2. c4 Nc6 3. Nf3 Bg4 4. e3 e6 5. Nc3 Nf6 6. Be2 Bb4 7. O-O O-O 8. a3 Bxc3 9. bxc3 Re8 10. Rb1 b6 11. c5 Bxf3 12. Bxf3 Na5 13. Be2 c6 14. cxb6 axb6 15. f3 b5 16. a4 bxa4 17. Qxa4 e5 18. Qc2 e4 19. c4 Nxc4 20. Bxc4 dxc4 21. Qxc4 Qd5 22. Qc2 Ra2 23. Rb2 Rxb2 24. Qxb2 h6 25. Qc2 Ra8 26. Rf2 Ra1 27. Qb2 Ra8 28. Qc2 Re8 29. Qa2 Qg5 30. fxe4 Rxe4 31. Qa8+ Kh7 32. Qxc6 Qg4 33. Qc2 Kg8 34. Qe2 Qe6 35. h3 Nd5 36. Rf3 Rxd4 37. Bb2 Re4 38. Rg3 f6 39. Bc1 Qc6 40. Bd2 Qe6 41. Qd3 Qe5 42. Qb3 Kh7 43. Qd3 f5 44. Rf3 h5 45. Qb3 Qa1+ 46. Rf1 Qe5 47. Rf3 Qe6 48. Qb5 g5 49. Qd3 Kg6 50. Qb3 g4 51. hxg4 hxg4 52. Rf1 Qe5 53. Re1 g3 54. Qb5 f4 55. Qd3 Kh5 56. Qe2+ Kh4 57. Qd3 fxe3 58. Ba5 Nf4 59. Qd8+ Kg4 60. Qg8+ Qg5 61. Qc8+ Qf5 62. Qg8+ Qg6 63. Qc8+ Qe6 64. Qb7 Qh6 65. Qc8+ Re6 66. Qg8+ Qg6 67. Qc8 Qh7 68. Qxe6+ Nxe6 0-1

[Event "Ontario Closed"]
[Site "Scarborough CAN"]
[Date "1989.06.09"]
[Round "6"]
[White "Pacey, Kevin"]
[Black "Dean, Andrew"]
[Result "1-0"]
[WhiteElo "2305"]
[BlackElo "1912"]
[PlyCount "91"]
[GameId "2160767912519340"]
[EventDate "1989.06.03"]
[EventType "tourn"]
[EventRounds "9"]
[EventCountry "CAN"]

1. e4 c5 2. Nf3 d6 3. Bb5+ Bd7 4. Bxd7+ Nxd7 5. c4 g6 6. Nc3 Bg7 7. O-O Ngf6 8. d4 cxd4 9. Nxd4 O-O 10. b3 Rc8 11. Be3 Qa5 12. Rc1 a6 13. a4 Nc5 14. Nd5 Rfe8 15. b4 Qxa4 16. Nxf6+ Bxf6 17. bxc5 Qxd1 18. Rfxd1 Rxc5 19. Nb3 Rc7 20. Bb6 Rc6 21. Bd4 Bg5 22. Na5 Bxc1 23. Nxc6 Bg5 24. Na5 Rc8 25. Bb6 Kf8 26. g3 Ke8 27. f4 Bf6 28. Rd3 h5 29. Kf2 g5 30. fxg5 Bxg5 31. Rd5 Bf6 32. Rxh5 Bc3 33. Ke3 Kd7 34. Kd3 Bf6 35. Rh7 Ke6 36. g4 Rg8 37. h3 Rc8 38. h4 Be5 39. g5 Bf4 40. Nxb7 Rb8 41. Nd8+ Kd7 42. Ba5 Rxd8 43. Bxd8 Kxd8 44. Rxf7 Be5 45. g6 Ke8 46. h5 1-0

[Event "Ontario Closed"]
[Site "Scarborough CAN"]
[Date "1989.06.09"]
[Round "6.3"]
[White "Puri, Vinny"]
[Black "Vranesic, Zvonko"]
[Result "1-0"]
[WhiteElo "2336"]
[BlackElo "2345"]
[PlyCount "77"]
[GameId "2160767912519341"]
[EventDate "1989.06.03"]
[EventType "tourn"]
[EventRounds "9"]
[EventCountry "CAN"]

1. c4 c5 2. Nc3 Nc6 3. Nf3 g6 4. g3 Bg7 5. Bg2 e6 6. O-O Nge7 7. d3 O-O 8. Bg5 h6 9. Bf4 d6 10. Rb1 a6 11. a3 Rb8 12. Qc1 Kh7 13. b4 b6 14. Ne4 e5 15. Bd2 Be6 16. h3 Qc7 17. g4 Rfc8 18. g5 h5 19. Nh4 Nd4 20. Qd1 Nef5 21. Nxf5 Nxf5 22. Nf6+ Kh8 23. f4 exf4 24. Rxf4 Qe7 25. e4 Nd4 26. Bf3 Nxf3+ 27. Qxf3 Bxf6 28. gxf6 Qd8 29. Rh4 Kg8 30. Bh6 d5 31. cxd5 cxb4 32. axb4 Rc2 33. dxe6 Qd4+ 34. Be3 Qxd3 35. exf7+ Kxf7 36. Rd1 Qb5 37. e5 Qxe5 38. Rd7+ Kg8 39. f7+ 1-0

[Event "Ontario Closed"]
[Site "Scarborough CAN"]
[Date "1989.06.09"]
[Round "6.4"]
[White "Kiviaho, Robert"]
[Black "Day, Lawrence"]
[Result "0-1"]
[WhiteElo "2235"]
[BlackElo "2446"]
[PlyCount "76"]
[GameId "2160767912519342"]
[EventDate "1989.06.03"]
[EventType "tourn"]
[EventRounds "9"]
[EventCountry "CAN"]

1. d4 Nf6 2. c4 d6 3. Nf3 Bf5 4. Qb3 Qc8 5. Nc3 h6 6. h3 g5 7. g4 Bg6 8. Bg2 Nc6 9. d5 Nd8 10. h4 Bg7 11. hxg5 hxg5 12. Rxh8+ Bxh8 13. Nxg5 Qxg4 14. Kf1 Qh4 15. Nf3 Qh5 16. Nb5 Kf8 17. Nxc7 Rc8 18. Nb5 a6 19. Na3 Ne4 20. Qe3 Bg7 21. Ne1 Qh4 22. Nd3 Nc5 23. Nxc5 Rxc5 24. Qf3 Ke8 25. e4 Bd4 26. Qe2 f5 27. Be3 Bxe3 28. Qxe3 f4 29. Qd4 Nf7 30. b4 Rc8 31. Nb1 Ne5 32. Nd2 Bh5 33. Ke1 Kf7 34. c5 Rg8 35. Bf1 Rg1 36. Qc3 Qh1 37. f3 Bxf3 38. c6 Qh4# 0-1

[Event "Ontario Closed"]
[Site "Scarborough CAN"]
[Date "1989.06.09"]
[Round "6.5"]
[White "Moffat, Andrei"]
[Black "Southam, Todd"]
[Result "0-1"]
[WhiteElo "2246"]
[BlackElo "2302"]
[PlyCount "32"]
[GameId "2160767912519343"]
[EventDate "1989.06.03"]
[EventType "tourn"]
[EventRounds "9"]
[EventCountry "CAN"]

1. e4 e5 2. Nf3 Nc6 3. Bc4 Nf6 4. d4 exd4 5. O-O Nxe4 6. Re1 d5 7. Bxd5 Qxd5 8. Nc3 Qh5 9. Rxe4+ Be6 10. Nxd4 Qxd1+ 11. Nxd1 O-O-O 12. Be3 Nxd4 13. Rxd4 Be7 14. Nc3 Bf6 15. Ra4 a6 16. Rd1 Bxc3 0-1

[Event "Ontario Closed"]
[Site "Scarborough CAN"]
[Date "1989.05.10"]
[Round "7"]
[White "Dean, Andrew"]
[Black "Puri, Vinny"]
[Result "1-0"]
[WhiteElo "1912"]
[BlackElo "2300"]
[PlyCount "89"]
[GameId "2160767912519344"]
[EventDate "1989.06.03"]
[EventType "tourn"]
[EventRounds "9"]
[EventCountry "CAN"]
[SourceTitle "CFC 1989.08"]

1. e4 d6 2. d4 Nf6 3. Nc3 g6 4. Nf3 Bg7 5. h3 O-O 6. Be3 c6 7. a4 Nbd7 8. a5 e5 9. dxe5 dxe5 10. Qd6 Re8 11. Bc4 Bf8 12. Qd2 Bb4 13. Ng5 Rf8 14. Ra4 Qe7 15. O-O h6 16. Nf3 g5 17. h4 Ng4 18. hxg5 Nxe3 19. Qxe3 Bc5 20. Qd2 b5 21. axb6 Nxb6 22. g6 Kg7 23. Bxf7 Nxa4 24. Nxa4 Bd6 25. Qc3 Rb8 26. b3 Rb4 27. Qe3 Bg4 28. Rd1 Rd8 29. Rd3 Bc7 30. Rxd8 Bxd8 31. g3 Qd6 32. c3 Qd1+ 33. Kg2 Rxa4 34. bxa4 Bb6 35. Nd4 exd4 36. Qf4 Bc7 37. e5 Bh3+ 38. Kxh3 Qh1+ 39. Kg4 h5+ 40. Kf5 dxc3 41. Kg5 Bd8+ 42. Qf6+ Bxf6+ 43. exf6+ Kf8 44. Bc4 Qc1+ 45. f4 1-0

[Event "Ontario Closed"]
[Site "Scarborough CAN"]
[Date "1989.06.10"]
[Round "7"]
[White "Coakley, Jeff"]
[Black "Pacey, Kevin"]
[Result "1/2-1/2"]
[WhiteElo "2240"]
[BlackElo "2305"]
[PlyCount "38"]
[GameId "2160767912519345"]
[EventDate "1989.06.03"]
[EventType "tourn"]
[EventRounds "9"]
[EventCountry "CAN"]

1. b4 d5 2. Bb2 Bg4 3. h3 Bh5 4. c4 e6 5. Qb3 Nf6 6. e3 Nbd7 7. Nc3 c6 8. d4 Bd6 9. Be2 Bg6 10. Nf3 Ne4 11. a4 O-O 12. a5 Nxc3 13. Bxc3 a6 14. c5 Bc7 15. O-O-O f6 16. Rdg1 e5 17. Nh4 Bf7 18. g4 g6 19. Ng2 e4 1/2-1/2

[Event "Ontario Closed"]
[Site "Scarborough CAN"]
[Date "1989.06.10"]
[Round "7.2"]
[White "Day, Lawrence"]
[Black "Moffat, Andrei"]
[Result "1-0"]
[WhiteElo "2446"]
[BlackElo "2246"]
[PlyCount "79"]
[GameId "2160767912519346"]
[EventDate "1989.06.03"]
[EventType "tourn"]
[EventRounds "9"]
[EventCountry "CAN"]

1. d4 d5 2. Bg5 c6 3. Nc3 Qb6 4. Rb1 f6 5. Bf4 Bf5 6. Nf3 Nd7 7. e3 g6 8. h3 Bg7 9. g4 Be6 10. Bd3 Bf7 11. g5 fxg5 12. Nxg5 e5 13. dxe5 Bxe5 14. Ne2 Ngf6 15. b4 O-O 16. Bxe5 Nxe5 17. Nf4 Rae8 18. c3 Nxd3+ 19. Qxd3 Ne4 20. Rg1 Re5 21. Nf3 Rf5 22. Nd4 Rxf4 23. exf4 Re8 24. Kf1 Be6 25. Kg2 Qc7 26. Qe3 Bd7 27. Rbe1 Ng5 28. Qxe8+ Bxe8 29. Rxe8+ Kf7 30. Rge1 Ne4 31. Rf8+ Ke7 32. f3 Qd6 33. Rh8 Qxf4 34. Rxh7+ Kd6 35. fxe4 dxe4 36. Rd1 Qg5+ 37. Kh1 Qf6 38. Nf5+ Ke5 39. Re7+ Kf4 40. Rf1+ 1-0

[Event "Ontario Closed"]
[Site "Scarborough CAN"]
[Date "1989.06.10"]
[Round "7.3"]
[White "Vranesic, Zvonko"]
[Black "Kiviaho, Robert"]
[Result "1-0"]
[WhiteElo "2345"]
[BlackElo "2235"]
[PlyCount "99"]
[GameId "2160767912519347"]
[EventDate "1989.06.03"]
[EventType "tourn"]
[EventRounds "9"]
[EventCountry "CAN"]

1. d4 Nf6 2. c4 g6 3. f3 d5 4. cxd5 Nxd5 5. e4 Nb6 6. Nc3 Bg7 7. Be3 O-O 8. f4 c6 9. Be2 f5 10. Qb3+ Kh8 11. e5 Na6 12. Bxa6 bxa6 13. Nf3 Rb8 14. O-O Bd7 15. Qc2 Be6 16. b3 Qd7 17. Rac1 Rfd8 18. Qe2 Qb7 19. Ne1 a5 20. Nd3 Bd5 21. Nc5 Qc8 22. Rc2 Bf8 23. Rfc1 e6 24. Na6 Bc4 25. bxc4 Qxa6 26. c5 Qxe2 27. Rxe2 Nc4 28. Kf2 Rb4 29. Rd1 a4 30. Rb1 Rdb8 31. Rxb4 Rxb4 32. Bc1 a3 33. Rc2 Nb2 34. Ne2 Be7 35. Bd2 Rb8 36. Nc1 Bd8 37. Ke2 a5 38. Rc3 Rb4 39. Be3 a4 40. Nd3 Nxd3 41. Kxd3 Rb2 42. Rxa3 Rxg2 43. Rxa4 Bh4 44. Ra6 Kg7 45. Rxc6 Kf7 46. Rc7+ Be7 47. c6 Rxa2 48. d5 Ra3+ 49. Ke2 Ra2+ 50. Kf3 1-0

[Event "Ontario Closed"]
[Site "Scarborough CAN"]
[Date "1989.06.11"]
[Round "8.2"]
[White "Puri, Vinny"]
[Black "Coakley, Jeff"]
[Result "1-0"]
[WhiteElo "2336"]
[BlackElo "2258"]
[PlyCount "81"]
[GameId "2160767912519348"]
[EventDate "1989.06.03"]
[EventType "tourn"]
[EventRounds "9"]
[EventCountry "CAN"]

1. c4 e6 2. Nf3 Nf6 3. d4 d5 4. Bg5 Be7 5. e3 O-O 6. Nc3 h6 7. Bh4 Ne4 8. Bxe7 Qxe7 9. cxd5 Nxc3 10. bxc3 exd5 11. Bd3 Nd7 12. O-O b6 13. c4 dxc4 14. Bxc4 Bb7 15. Re1 Rad8 16. Qe2 c5 17. d5 Ne5 18. e4 Nxc4 19. Qxc4 Rfe8 20. Rad1 Qd7 21. Nd2 Kh8 22. a4 f5 23. f3 Qc8 24. Qc3 fxe4 25. fxe4 Qc7 26. Nc4 Qf4 27. Qf3 Qb8 28. e5 Rf8 29. Qe4 Qa8 30. Ne3 Qb8 31. g3 Qc7 32. e6 Rde8 33. Rf1 Rf6 34. Rxf6 gxf6 35. Qg6 Rf8 36. Qxh6+ Kg8 37. Nf5 c4 38. e7 Qc5+ 39. Rd4 Qxd4+ 40. Nxd4 Re8 41. Qg6+ 1-0

[Event "Ontario Closed"]
[Site "Scarborough CAN"]
[Date "1989.06.11"]
[Round "8.3"]
[White "Kiviaho, Robert"]
[Black "Dean, Andrew"]
[Result "1-0"]
[WhiteElo "2235"]
[BlackElo "1890"]
[PlyCount "27"]
[GameId "2160767912519349"]
[EventDate "1989.06.03"]
[EventType "tourn"]
[EventRounds "9"]
[EventCountry "CAN"]

1. d4 Nf6 2. c4 e6 3. Nc3 Bb4 4. Nf3 b6 5. Bg5 Bb7 6. e3 h6 7. Bh4 d6 8. Qa4+ Nc6 9. d5 exd5 10. cxd5 Nxd5 11. Bxd8 Nxc3 12. bxc3 Bxc3+ 13. Kd1 Bxa1 14. Ba6 1-0

[Event "Ontario Closed"]
[Site "Scarborough CAN"]
[Date "1989.06.11"]
[Round "8.5"]
[White "Southam, Todd"]
[Black "Day, Lawrence"]
[Result "1-0"]
[WhiteElo "2302"]
[BlackElo "2446"]
[PlyCount "117"]
[GameId "2160767912519350"]
[EventDate "1989.06.03"]
[EventType "tourn"]
[EventRounds "9"]
[EventCountry "CAN"]

1. d4 Nf6 2. c4 d6 3. Nc3 Bf5 4. f3 e5 5. d5 e4 6. Qd4 h6 7. g3 exf3 8. Nxf3 Be7 9. Bg2 O-O 10. O-O Nbd7 11. b3 a6 12. Bb2 Ne8 13. Rae1 Bf6 14. Qd2 Bh7 15. Nd4 Bg5 16. e3 Qe7 17. h4 Bf6 18. e4 Bxd4+ 19. Qxd4 Nef6 20. Nd1 Rfe8 21. Ne3 Qe5 22. Nf5 Bxf5 23. Qf2 Ng4 24. Qxf5 Qxf5 25. Rxf5 Re7 26. Bd4 Rae8 27. Rf4 Nde5 28. Bh3 Nf6 29. Rxf6 gxf6 30. Rf1 Kg7 31. Bf5 c5 32. dxc6 bxc6 33. Kg2 a5 34. Rd1 a4 35. c5 d5 36. exd5 cxd5 37. b4 Rb8 38. a3 Nc4 39. Rd3 Re2+ 40. Kf3 Ra2 41. c6 Nd6 42. c7 Ra8 43. Bd7 Rc2 44. Bc5 Nc8 45. Rxd5 Rc3+ 46. Kf4 Rc4+ 47. Rd4 Rc3 48. Re4 Rxa3 49. Re8 Rc3 50. Rxc8 Rxc8 51. Bxc8 Rc4+ 52. Ke3 a3 53. Be6 a2 54. c8=Q Rxc5 55. Qa6 Re5+ 56. Kf3 Rf5+ 57. Bxf5 h5 58. Qxa2 Kh6 59. b5 1-0

[Event "Ontario Closed"]
[Site "Scarborough CAN"]
[Date "1989.06.12"]
[Round "9"]
[White "Pacey, Kevin"]
[Black "Puri, Vinny"]
[Result "1-0"]
[WhiteElo "2300"]
[BlackElo "2300"]
[PlyCount "77"]
[GameId "2160767912519351"]
[EventDate "1989.06.03"]
[EventType "tourn"]
[EventRounds "9"]
[EventCountry "CAN"]

1. d4 Nf6 2. Nf3 g6 3. Nc3 d5 4. Bg5 Bg7 5. Bxf6 Bxf6 6. e4 dxe4 7. Nxe4 Bg7 8. Bc4 O-O 9. Ne5 e6 10. c3 b6 11. Qf3 Bb7 12. Nf6+ Bxf6 13. Qxb7 Nd7 14. Nc6 Qc8 15. Qxc8 Rfxc8 16. Ba6 Rf8 17. Bb7 Rae8 18. Nxa7 e5 19. d5 Nc5 20. Bc6 Rd8 21. Ke2 e4 22. Nb5 Be5 23. b4 Nd3 24. g3 f5 25. f4 Bxf4 26. gxf4 Nxf4+ 27. Kf2 Nxd5 28. Rhd1 Ne7 29. Bd7 c6 30. Nc7 Rb8 31. Be6+ Kg7 32. Rd7 Kf6 33. Bb3 Rfd8 34. Rad1 Rxd7 35. Rxd7 f4 36. Rd6+ Kf5 37. Bc2 Rb7 38. Ne8 Ke5 39. Rd4 1-0

[Event "Ontario Closed"]
[Site "Scarborough CAN"]
[Date "1989.06.12"]
[Round "9.2"]
[White "Vranesic, Zvonko"]
[Black "Southam, Todd"]
[Result "1-0"]
[WhiteElo "2345"]
[BlackElo "2302"]
[PlyCount "81"]
[GameId "2160767912519352"]
[EventDate "1989.06.03"]
[EventType "tourn"]
[EventRounds "9"]
[EventCountry "CAN"]

1. d4 d5 2. Nf3 Nf6 3. Bg5 e6 4. e3 Be7 5. Nbd2 O-O 6. Bd3 Nbd7 7. O-O c5 8. c3 b6 9. Qb1 Bb7 10. Ne5 h6 11. Bxf6 gxf6 12. Nxd7 Qxd7 13. f4 f5 14. Qd1 f6 15. Qh5 Qe8 16. Qxh6 Rf7 17. Qg6+ Rg7 18. Qxe8+ Rxe8 19. Rf3 Bc6 20. Rg3 Rxg3 21. hxg3 c4 22. Be2 b5 23. Kf2 Rb8 24. a3 a5 25. g4 fxg4 26. Bxg4 f5 27. Bh5 b4 28. axb4 axb4 29. Ra6 Bd7 30. Ra7 Rd8 31. g4 fxg4 32. Bxg4 bxc3 33. bxc3 Kf8 34. Nf3 Bf6 35. Kg3 Ke7 36. Ng5 Bxg5 37. fxg5 Rg8 38. Kh4 Rh8+ 39. Bh5 Kd6 40. g6 Rg8 41. Kg5 1-0

[Event "Ontario Closed"]
[Site "Scarborough CAN"]
[Date "1989.06.12"]
[Round "9.3"]
[White "Dean, Andrew"]
[Black "Moffat, Andrei"]
[Result "1-0"]
[WhiteElo "1890"]
[BlackElo "2246"]
[PlyCount "73"]
[GameId "2160767912519353"]
[EventDate "1989.06.03"]
[EventType "tourn"]
[EventRounds "9"]
[EventCountry "CAN"]

1. e4 c5 2. Nf3 Nc6 3. d4 cxd4 4. Nxd4 Qb6 5. Nb3 Nf6 6. Nc3 e6 7. Be3 Qc7 8. Bd3 a6 9. O-O Be7 10. f4 d6 11. Qf3 O-O 12. g4 Re8 13. g5 Nd7 14. Qh5 g6 15. Qh4 b5 16. Rf3 Bb7 17. Rh3 h5 18. Be2 Nb4 19. Bxh5 Bf8 20. Bxg6 Bg7 21. Bh7+ Kf8 22. Nd4 Qc4 23. Rd1 Nc6 24. Nce2 Nxd4 25. Nxd4 e5 26. b3 Qc3 27. Bf2 Qc8 28. f5 exd4 29. f6 Nxf6 30. gxf6 Bxf6 31. Qxf6 Qxh3 32. Bf5 Qf3 33. Rd3 Qf4 34. Rh3 Qc1+ 35. Kg2 Bxe4+ 36. Bxe4 Qg5+ 37. Qxg5 1-0

[Event "Ontario Closed"]
[Site "Scarborough CAN"]
[Date "1989.06.12"]
[Round "9.4"]
[White "Coakley, Jeff"]
[Black "Kiviaho, Robert"]
[Result "0-1"]
[WhiteElo "2258"]
[BlackElo "2235"]
[PlyCount "112"]
[GameId "2160767912519354"]
[EventDate "1989.06.03"]
[EventType "tourn"]
[EventRounds "9"]
[EventCountry "CAN"]

1. d4 Nf6 2. c4 g6 3. Nc3 d5 4. cxd5 Nxd5 5. e4 Nxc3 6. bxc3 Bg7 7. Bc4 c5 8. Ne2 Nc6 9. Be3 O-O 10. O-O Bg4 11. f3 Na5 12. Bd3 cxd4 13. cxd4 Be6 14. Qa4 a6 15. Nf4 b5 16. Nxe6 fxe6 17. Qa3 Bxd4 18. Bxd4 Qxd4+ 19. Kh1 Nc6 20. Qb3 Qd6 21. e5 Nxe5 22. Be4 Rad8 23. Rfd1 Qb6 24. a4 Nc4 25. axb5 axb5 26. Bd3 Qc5 27. Rdc1 Rd4 28. Rab1 Rfd8 29. Bf1 R8d5 30. h3 Qd6 31. Bxc4 bxc4 32. Qb8+ Qxb8 33. Rxb8+ Kf7 34. Rc2 Rc5 35. Kg1 Kf6 36. Kf2 h5 37. Rb4 h4 38. Ra4 Ke5 39. Ra7 Kd6 40. Ra6+ Rc6 41. Ra7 e5 42. Ra8 Kd5 43. Ra5+ Rc5 44. Ra6 e6 45. Ra8 c3 46. Ra3 Rd3 47. Ra4 Rc4 48. Ra5+ Kd4 49. Ra6 Rb4 50. Rc6 Rb2 51. Rd6+ Kc4 52. Rc6+ Kb3 53. Re2 Rxe2+ 54. Kxe2 Rd4 55. Rxe6 c2 56. Rb6+ Kc3 0-1

[Event "Ontario op"]
[Site "Guelph CAN"]
[Date "1989.05.??"]
[Round "?"]
[White "Powell, Bryson"]
[Black "Purdy, Brian"]
[Result "1-0"]
[WhiteElo "2043"]
[BlackElo "1901"]
[PlyCount "23"]
[GameId "2160767912519467"]
[EventDate "1989.05.??"]
[EventType "swiss"]
[EventRounds "6"]
[EventCountry "CAN"]
[SourceTitle "CFC 1989.08"]

1. c4 Nf6 2. Nc3 g6 3. g3 d5 4. cxd5 Nxd5 5. Qa4+ Nc6 6. Bg2 Be6 7. Qb5 Ndb4 8. Qxb7 Bd7 9. Nb5 Rc8 10. Nxa7 Rb8 11. Nxc6 Nxc6 12. Qxc6 1-0

[Event "Ontario-ch U16"]
[Site "Toronto CAN"]
[Date "1989.??.??"]
[Round "?"]
[White "Littke, Adam"]
[Black "Lamb, Bryan"]
[Result "0-1"]
[WhiteElo "1966"]
[BlackElo "2102"]
[PlyCount "84"]
[GameId "2160767912519931"]
[EventDate "1989.??.??"]
[EventType "tourn"]
[EventRounds "5"]
[EventCountry "CAN"]
[SourceTitle "CFC 1989.04"]

1. d4 Nf6 2. c4 b6 3. Nc3 Bb7 4. Nf3 e6 5. a3 Be7 6. Qc2 d5 7. cxd5 exd5 8. g3 O-O 9. Bg2 Nbd7 10. O-O Re8 11. Bd2 c5 12. Rac1 Nf8 13. dxc5 bxc5 14. Rfd1 Ne6 15. Bg5 d4 16. Bxf6 Bxf6 17. Na4 Rc8 18. b3 Ba6 19. Nb2 Ng5 20. Nc4 Qe7 21. Re1 Red8 22. Rcd1 Qd7 23. Nxg5 Bxg5 24. Be4 g6 25. Kg2 Re8 26. Bf3 Rb8 27. Rb1 Bc8 28. Nd2 Qe7 29. Bc6 Bf5 30. Qa2 Bxb1 31. Nxb1 Rec8 32. Bd5 Rd8 33. Bc4 d3 34. e3 Qd7 35. Rd1 Qb7+ 36. Kg1 Qf3 37. Rxd3 Rxd3 38. Bxd3 Qd1+ 39. Bf1 Qxb3 40. Qxb3 Rxb3 41. Nd2 Rxa3 42. Ne4 Be7 0-1